• 首页
  • 本馆介绍
  • 公告通知
  • 最新文献
  • 馆藏检索
  • 电子资源
  • 读者导购
  • 参考咨询
  • 我的图书馆
  • 登录
  • 详细信息显示
  • 放入我的书架
  • 预约/预借图书
  • 作者相关作品
  • 分类相关作品
  • 丛书相关作品
  • 出版社相关作品

书目信息

  • 表格格式
  • 工作单格式
  • 卡片格式
题名:
张量分析与连续介质力学
    
 
作者: 弗留盖 , Flugge 著 ;白铮 译
分册:  
出版信息: 北京   中国建筑工业出版社  1980
页数: 229页
开本: 21cm
丛书名:
单 册:
中图分类: O33
科图分类:
主题词: 张量分析 , 连续介质力学 , 连续介质力学
电子资源:
ISBN:
000 00928nam0 2200313 45
001 0180003902
005 20040518090736.7
010    @dCNY0.71
091    @b15040.3703
100    @a19950320d1980 em y0chiy0121 ea
101 1  @achi@ceng
102    @aCN@b110000
105    @ay z 000yy
106    @ar
200 10 @a张量分析与连续介质力学@Azhang liang fen xi yu lian xu jie zhi li xue@f(美)弗留盖(W. Flugge)著@g白铮译
210    @a北京@c中国建筑工业出版社@d1980
215    @a229页@d21cm
300    @a书名原文:Tensor analysis and continuum mechanics
510 1  @aTensor analysis and continuum mechanics@zeng
606    @a张量分析
606    @a连续介质力学
606 0  @a连续介质力学
690    @aO33
701  1 @a弗留盖@Afu liu gai@bW.@f美@4著
701 A1 @aFlugge@bW.@4著
702  0 @a白铮@Abai zheng@4译
801  0 @aCN@b上海图书馆@c20040518
801  2 @aCN@bNLC@c20040518
905    @f1@b126149@dO33@e24
    
    张量分析与连续介质力学/(美)弗留盖(W. Flugge)著/白铮译.-北京:中国建筑工业出版社,1980
    229页;21cm
    书名原文:Tensor analysis and continuum mechanics
    
    ISBN :CNY0.71
    
●
相关链接 在E读中查询图书 在五车中查询图书 在当当中查询图书 在豆瓣中查询图书


正题名:张量分析与连续介质力学     索取号:O33/24         预约/预借

序号 登录号 条形码 馆藏地/架位号 状态 备注
1 0126149   000384729   第三借阅区/ [索取号:O33/24] 在馆    
2 0126150   202093563   第二样本阅览室/ [索取号:O33/24] 在馆    
唐山师范学院图书馆 欢迎您!
大连网信软件有限公司© 版权所有